Normal view
MARC view
- Tamaru ,Kenzi
Entry Personal Name
001 - CONTROL NUMBER
- control field: 100033
003 - CONTROL NUMBER IDENTIFIER
- control field: NUST
005 - DATE AND TIME OF LATEST TRANSACTION
- control field: 20221012142620.0
008 - FIXED-LENGTH DATA ELEMENTS
- fixed length control field: 221012|| aca||aabn | a|a d
040 ## - CATALOGING SOURCE
- Original cataloging agency: NUST
- Transcribing agency: NUST
100 ## - HEADING--PERSONAL NAME
- Personal name: Tamaru ,Kenzi
670 ## - SOURCE DATA FOUND
- Source citation: Work cat.: (NUST)183705: Tamaru ,Kenzi, Catalysis by Electron Donor Acceptor Complexes /, 1975
